000 01434nam0a22003131 4500
001 v19\rc\1706197
005 20260407065441.0
035 _a(NLR Aleph) 005230569
090 _a5600891
_c5600891
100 _a20061002e19131913|||y0rusy50 ca
101 1 _arus
_cger
102 _aRU
105 _aa z |||||
200 1 _aВоробьи, клесты и скворцы
_eДля нар. чтения
_eИзвлеч. из "Жизни животных" А. Брэма
_fПод ред. К. Сент-Илера
210 _aСанкт-Петербург
_cОбщественная польза
_d1913
215 _a55 с.
_cил.
_d25
225 1 _aПтицы
_v№ 28
488 0 _12001#$aЖизнь животных
_1700#1$3RU\NLR\AUTH\7716106$7ca$aБрем$bА.Э.$f1829-1884$gАльфред Эдмунд
_tЖизнь животных
_aБрем, Альфред Эдмунд (1829-1884)
532 1 3 _aВоробьи, клесты и скворцы
700 1 _8rus
_7ca
_aБрем
_bА. Э.
_f1829-1884
_gАльфред Эдмунд
_3RU\NLR\AUTH\7716106
_9125748
702 1 _4340
_8rus
_7ca
_aСент-Илер
_bК. К.
_f1834-1901
_gКарл Карлович
_3RU\NLR\AUTH\7756076
_939008
801 2 _aRU
_bNLR
_c20070921
_2rusmarc
801 0 _aRU
_bNLR
_c20061002
_gpsbo
801 0 _aRU
_bRuMoRGB
_c20061002
_2psbo
801 1 _aRU
_bProSoft-M
_c20061002
_2rusmarc
852 _aNLR
_j37.40.1.67(28)
942 _cBOOK
980 _aNB